000 00456nam a2200181Ia 4500
001 18473
005 20260306171633.0
008 260306s9999||||xx |||||||||||||| ||und||
041 _aESP
082 _a658.406
_bB61
100 _aBlanchard, Ken
_eAUT
245 0 _a¿Quién mató el cambio?:
_bhistoria de un asesino corporativo
260 _c2010
300 _a150 páginas :
_c21 cm.
650 _aGEN
654 _aCAN
942 _cLIB
_dJUS
_fJUS
_2ddc
_n
999 _c18473
_d18473